书目信息 |
| 题名: |
经历艺术:生活的第二张面孔
|
|
| 作者: | 艾里克.普斯 著 | |
| 分册: | ||
| 出版信息: | 北京 知识出版社 2000.01 |
|
| 页数: | 317页 | |
| 开本: | 32开 | |
| 丛书名: | ||
| 单 册: | ||
| 中图分类: | J022 | |
| 科图分类: | ||
| 主题词: | 艺术理论--基本问题 | |
| 电子资源: | ||
| ISBN: | 7-5015-2502-1 | |
| 000 | 00598nam0 2200193 45 | |
| 001 | 0010251872 | |
| 005 | 20001025182413.7 | |
| 010 | @a7-5015-2502-1@d16.00元 | |
| 100 | @a20001025d2000 km y0chiy0120 ea | |
| 101 | 0 | @achi |
| 105 | @a z 000yy | |
| 200 | 1 | @a经历艺术:生活的第二张面孔@AJing Li Yi Shu:Sheng Huo De Di Er Zhang Mian Kong@f(美)艾里克.普斯著@F(Mei)Ai Li Ke.Pu Si Zhu |
| 210 | @a北京@c知识出版社@d2000.01 | |
| 215 | @a317页@d32开 | |
| 606 | 0 | @a艺术理论@x基本问题 |
| 690 | @aJ022@v3 | |
| 701 | 0 | @a艾里克.普斯@4著 |
| 801 | @aCN@bPftUser@c20001025 | |
| 905 | @b188804-808@dJ022@eA375@f5 | |
| 经历艺术:生活的第二张面孔/(美)艾里克.普斯著.-北京:知识出版社,2000.01 |
| 317页;32开 |
| ISBN 7-5015-2502-1:16.00元 |
| ● |
| 相关链接 |
|
|
|
正题名:经历艺术:生活的第二张面孔
索取号:J022/A375
 
预约/预借
| 序号 | 登录号 | 条形码 | 馆藏地/架位号 | 状态 | 备注 |
| 1 | 188804 | 201888047 | 社科库309/309社科库 61排3列6层/ [索取号:J022/A375] | 在馆 | |
| 2 | 188805 | 201888056 | 社科库309/309社科库 61排3列6层/ [索取号:J022/A375] | 在馆 | |
| 3 | 188806 | 201888065 | 社科库309/309社科库 61排3列6层/ [索取号:J022/A375] | 在馆 | |
| 4 | 188807 | 201888074 | 自科二线404/309社科库 61排4列3层/ [索取号:J022/A375] | 在馆 | |
| 5 | 188808 | 201888083 | 社科库309/ [索取号:J022/A375] | 在馆 |